Central Library OPAC University of Rajshahi

Jinnah, creator of Pakistan / (Record no. 38359)

MARC details
000 -LEADER
fixed length control field 00627nam a22002177a 4500
001 - CONTROL NUMBER
control field 38359
003 - CONTROL NUMBER IDENTIFIER
rucl marc code BD-RjUL
005 - DATE AND TIME OF LATEST TRANSACTION
control field 20211209052800.0
008 - FIXED-LENGTH DATA ELEMENTS--GENERAL INFORMATION
fixed length control field 151114r19641954enka|||| |||| 001 0 eng d
035 ## - SYSTEM CONTROL NUMBER
System control number (BD-RjUL)38464
040 ## - CATALOGING SOURCE
Original cataloging agency BD-RjUL
Language of cataloging eng
Transcribing agency BD-RjUL
041 ## - LANGUAGE CODE
Language code of text/sound track or separate title eng
082 ## - DEWEY DECIMAL CLASSIFICATION NUMBER
Edition number 23
Classification number 954.9042092
Author mark and year BOJ 1964
100 ## - MAIN ENTRY--PERSONAL NAME
Personal name Bolitho, Hector
9 (RLIN) 118541
245 ## - TITLE STATEMENT
Title Jinnah, creator of Pakistan /
Statement of responsibility, etc. Hector Bolitho
260 ## - PUBLICATION, DISTRIBUTION, ETC. (IMPRINT)
Place of publication, distribution, etc. London :
Name of publisher, distributor, etc. J. Murray,
Date of publication, distribution, etc. 1954,
-- [reprint 1964].
300 ## - PHYSICAL DESCRIPTION
Pagination 244 p. :
Illustrations ill. ;
Size 23 cm.
500 ## - GENERAL NOTE
General note Includes index.
600 ## - SUBJECT ADDED ENTRY--PERSONAL NAME
Personal name Jinnah, Mahomed Ali,
Chronological subdivision 1876-1948.
942 ## - ADDED ENTRY ELEMENTS (KOHA)
Source of classification or shelving scheme Dewey Decimal Classification
Koha item type Books
Holdings
Lost status Source of classification or shelving scheme Damaged status Not for loan Collection code Permanent Location Current Location Shelving location Date acquired Source of acquisition Total Checkouts Full call number Date last seen Copy number Koha item type
  Dewey Decimal Classification     Non-fiction Central Library, University of Rajshahi Central Library, University of Rajshahi   05/12/1966 Standard pub. Dhaka   954.9042092 BOJ 1964 14/11/2015 C-2 Books